000 00335nam a22001337a 4500
020 _a1858301319
082 _a413.1
_bGRA
_cN-1, P-40
245 _aMy first picture dictionary
260 _aLondon
_bGrandreams
_c1994
300 _bill.
_c23 cm
526 _a0
_b0
_c0
_d413_100000000000000_GRA
650 _aNUST
_96342
942 _2ddc
_cBK
999 _c550172
_d550172